<?xml version="1.0" encoding="UTF-8"?>
<record
    xmlns:xsi="http://www.w3.org/2001/XMLSchema-instance"
    xsi:schemaLocation="http://www.loc.gov/MARC21/slim http://www.loc.gov/standards/marcxml/schema/MARC21slim.xsd"
    xmlns="http://www.loc.gov/MARC21/slim">

  <leader>00585nam a22001337a 4500</leader>
  <controlfield tag="008">230622b        |||||||| |||| 00| 0 eng d</controlfield>
  <datafield tag="040" ind1=" " ind2=" ">
    <subfield code="a">National Science Library</subfield>
    <subfield code="c">National Science Library</subfield>
  </datafield>
  <datafield tag="080" ind1=" " ind2=" ">
    <subfield code="a">I 628.1(1-22)</subfield>
    <subfield code="b">M6</subfield>
  </datafield>
  <datafield tag="245" ind1=" " ind2=" ">
    <subfield code="a">Technology mission on drinking water in villages: </subfield>
    <subfield code="b">Mission oriented programme govt. of India</subfield>
    <subfield code="c">/ Consolidated report of drinking water quality assessment studies Aizawl district Mizoram, Mirzapur district Uttar Pradesh</subfield>
  </datafield>
  <datafield tag="260" ind1=" " ind2=" ">
    <subfield code="a">Lucknow: </subfield>
    <subfield code="b">Industrial Toxiology Research Centre, </subfield>
    <subfield code="c">1987</subfield>
  </datafield>
  <datafield tag="300" ind1=" " ind2=" ">
    <subfield code="a">33p.</subfield>
  </datafield>
  <datafield tag="650" ind1=" " ind2=" ">
    <subfield code="a">Report</subfield>
  </datafield>
  <datafield tag="942" ind1=" " ind2=" ">
    <subfield code="2">udc</subfield>
    <subfield code="c">REP</subfield>
  </datafield>
  <datafield tag="999" ind1=" " ind2=" ">
    <subfield code="c">46087</subfield>
    <subfield code="d">46087</subfield>
  </datafield>
  <datafield tag="952" ind1=" " ind2=" ">
    <subfield code="0">0</subfield>
    <subfield code="1">0</subfield>
    <subfield code="2">udc</subfield>
    <subfield code="4">0</subfield>
    <subfield code="6">I_6281122_M6</subfield>
    <subfield code="7">0</subfield>
    <subfield code="9">69971</subfield>
    <subfield code="a">NSL</subfield>
    <subfield code="b">NSL</subfield>
    <subfield code="c">GF/Rk-13/C-16/R-4</subfield>
    <subfield code="d">1987-09-16</subfield>
    <subfield code="l">0</subfield>
    <subfield code="o">I 628.1(1-22) M6</subfield>
    <subfield code="p">168573</subfield>
    <subfield code="r">2023-06-22 00:00:00</subfield>
    <subfield code="w">1987-09-16</subfield>
    <subfield code="y">REP</subfield>
  </datafield>
</record>
